100 contemporary architects : (Registro nro. 51941)

Detalles MARC
000 -LEADER
campo de control de longitud fija 02257cam a22003854i 4500
003 - IDENTIFICADOR DE NÚMERO DE CONTROL
campo de control PE-LiUPU
005 - FECHA Y HORA DE LA ÚLTIMA TRANSACCIÓN
campo de control 20250731183427.0
008 - DATOS DE LONGITUD FIJA--INFORMACIÓN GENERAL
campo de control de longitud fija 150706s r 000 0 d
020 ## - NÚMERO INTERNACIONAL ESTÁNDAR DEL LIBRO
Número Internacional Estándar del Libro 9733836500920
035 ## - NÚMERO DE CONTROL DEL SISTEMA
Número de control de sistema (Sirsi) i9733836500920
040 ## - FUENTE DE CATALOGACIÓN
Centro catalogador/agencia de origen PE-LiUPU
Lengua de catalogación spa
Centro/agencia transcriptor PE-LiUPU
Normas de descripción rda
049 ## - FONDOS LOCALES (OCLC)
Biblioteca depositaria PRUA
082 04 - NÚMERO DE LA CLASIFICACIÓN DECIMAL DEWEY
Número de clasificación 720.222
Cutter J65
Número de edición 21
100 1# - ENTRADA PRINCIPAL--NOMBRE DE PERSONA
Nombre de persona Jodidio, Philip,
Término indicativo de función/relación autor.
245 10 - MENCIÓN DEL TÍTULO
Título 100 contemporary architects :
Resto del título J-Z /
Mención de responsabilidad, etc. Philip Jodidio.
264 #1 - PRODUCCIÓN, PUBLICACIÓN, DISTRIBUCIÓN, FABRICACIÓN Y COPYRIGHT
Producción, publicación, distribución, fabricación y copyright Hong Kong :
Nombre del de productor, editor, distribuidor, fabricante Taschen,
Fecha de producción, publicación, distribución, fabricación o copyright 2008.
300 ## - DESCRIPCIÓN FÍSICA
Extensión páginas 416 -845 :
Otras características físicas ilustraciones ;
Dimensiones 31cm.
336 ## - TIPO DE CONTENIDO
Término de tipo de contenido text
Fuente rdacontent
337 ## - TIPO DE MEDIO
Nombre/término del tipo de medio unmediated
Fuente rdamedia
338 ## - TIPO DE SOPORTE
Nombre/término del tipo de soporte volume
Fuente rdacarrier
490 0# - MENCIÓN DE SERIE
Mención de serie Arquitectos contemporáneos
500 ## - NOTA GENERAL
Nota general Obra escrita en tres idiomas, Español, Italiano, Portugues .
505 0# - NOTA DE CONTENIDO CON FORMATO
Nota de contenido con formato Jakob + Macfarlane -- Michael Jantzen -- Jones, Partners: Architecture -- Patrick Jouin -- Rick Joy -- Anish Kapoor -- Rei Kawakubo -- Waro Kishi -- Marcio Kogan -- Rem Koolhaas/Oma -- Kengo Kuma -- Daniel Libeskind -- Maya Lin -- Ltl Lewis.Tsurumaki. Lewis -- Greg Lynn Form -- Fumihiko Maki -- Mansilla+Tuñón -- Marmol Radziner -- Richard Meier -- Meyer En Van Schooten -- José Rafael Moneo -- Morphosis -- Eric Owen Moss -- Glenn Murcutt -- Takehiko Nagakura -- Neutelings Riedijk -- Oscar Niemeyer -- Jean Nouvel -- Marcos Novak -- Nox -- John Pawson -- Dominique Perrault -- Renzo Piano -- Christian de Portzamparc -- Richard Rogers -- MarcRolinet -- Harry Seidler -- Álvaro Siza -- Snøhetta -- Julie snow architects -- Werner Sobek -- Philippe Starck -- Yoshio Taniguchi -- Jyrki Tasa -- Ten Arquitectos -- Tezuka Architects -- Bernard Tschumi -- James Turrell -- Unstudio -- Makoto Sei Watanabe -- Tod Williams Billi Tsien Architects -- Carlos Zapata. .
526 ## - NOTA DE INFORMACIÓN SOBRE EL PROGRAMA DE ESTUDIO
Nombre del programa Maestría Bim Facility Management (A distancia)
526 ## - NOTA DE INFORMACIÓN SOBRE EL PROGRAMA DE ESTUDIO
Nombre del programa
526 ## - NOTA DE INFORMACIÓN SOBRE EL PROGRAMA DE ESTUDIO
Nombre del programa Educación musical y artes
526 ## - NOTA DE INFORMACIÓN SOBRE EL PROGRAMA DE ESTUDIO
Nombre del programa Educación, especialidad educación física
526 ## - NOTA DE INFORMACIÓN SOBRE EL PROGRAMA DE ESTUDIO
Nombre del programa Arquitectura
650 04 - PUNTO DE ACCESO ADICIONAL DE MATERIA--TÉRMINO DE MATERIA
Término de materia o nombre geográfico como elemento de entrada Dibujo Arquitectónico
Subdivisión cronológica Siglo XX
Subdivisión de forma Temas, motivos.
910 ## - DATOS DE OPCIÓN DEL USUARIO (OCLC)
Datos de opción del usuario gl
942 ## - ELEMENTOS DE ENTRADA SECUNDARIOS (KOHA)
Fuente del sistema de clasificación o colocación Clasificación Decimal Dewey
Tipo de ítem Koha
949 ## - PROCESAMIENTO DE INFORMACIÓN LOCAL (OCLC)
a 720.222 J65 2
w DEWEY
c 1
i 62911
l CCODEBUL1
m BUL
p 68.00
r 0
s Y
t BOOK
u 2015-7-6
x INGENIERIA
o .STAFF. Colección General
980 ## - EQUIVALENCIA O REFERENCIA-CRUZADA-MENCIÓN DE SERIE--NOMBRE DE PERSONA/TÍTULO [LOCAL, CANADÁ]
ID del último usuario que modificó el registro 1
Nombre del último usuario que modificó el registro ALBERTO SANCHEZ Responsable de Automatización
Existencias
Visto por última vez Número de inventario Total de préstamos Signatura topográfica completa Código de barras Fecha del último préstamo Copia número Coste, precio de reemplazo Fecha de reemplazo Facultad Tipo de ítem Koha Nota pública Estado de pérdida Fuente del sistema de clasificación o colocación Restricciones de uso No para préstamo Colección Programa académico Biblioteca de origen Biblioteca actual Ubicación en estantería Fecha de adquisición Coste, precio normal de compra
2025-12-02 8 3 720.222 J65 2 62911 2017-09-21 e1 73.00 2015-07-06 FIA Libros físicos inventario-2023-12-13 No Perdido Clasificación Decimal Dewey No restringido Disponible para préstamos Colección General Arquitectura Biblioteca CRAI UPeU Lima Biblioteca CRAI UPeU Lima Estante de Libros Grandes 2015-07-06 68.00